| 000 | 01204cab a2200217 4500 | ||
|---|---|---|---|
| 001 | ABS67839 | ||
| 008 | 040528n2004 000 0 eng u | ||
| 035 | _a(Sirsi) u126318 | ||
| 100 | _aTinworth, A. | ||
| 245 | _aHealth check for contractors | ||
| 260 | _c2004 | ||
| 490 |
_aEstates Gazette _v (0402) 15 May 2004, 155(1) |
||
| 520 | _aReviews a new online service developed to make subcontracting easier. "SafeContractor" aims to check that contractors meet the requisite health and safety standards and checks that a contractor's registration remains up-to-date. Contractors wishing to be included in the scheme are required to complete a questionnaire after registration, which covers issues such as geographic coverage, a construction industry tax scheme, insurance and health and safety arrangements. Cost to users depends on factors such as the size of the organisation and thecustomisation level, but it is free for the most basic services. The site can be viewed at www.safecontractor.com. | ||
| 590 | _aABS | ||
| 650 | _aWEBSITES | ||
| 650 | _aBUILDING CONTRACTORS | ||
| 650 | _aAPPROVED CONTRACTORS | ||
| 650 | _aONLINE SERVICES | ||
| 690 |
_aHealth and safety _96244 |
||
| 942 | _n0 | ||
| 999 |
_c74411 _d74411 |
||